| 000 | 00982nam a2200241 a 4500 | ||
|---|---|---|---|
| 001 | 000039320 | ||
| 003 | DO-SdBNP | ||
| 005 | 20250314132723.0 | ||
| 008 | 130621s2012 dr 000 0 spa d | ||
| 040 |
_aDO-SdBNP _bspa _cBNPHU |
||
| 082 | 4 |
_a352.34 _bR426p, 2013-2016 _222 |
|
| 110 | 1 |
_aRepública Dominicana. _bMinisterio de Economía, Planificación y Desarrollo _966142 |
|
| 245 | 1 | 0 |
_aPlan nacional plurianual del sector público 2013-2016 / _cprólogo Juan Temístocles Montás. |
| 260 |
_aSanto Domingo : _bMinisterio de Economía, Planificación y Desarrollo, _c2012. |
||
| 300 |
_a295 p. ; _c29 cm. _bil., |
||
| 590 | _aInventariado, 2021 / DG | ||
| 650 | 4 |
_aPolítica de gastos públicos _zRepública Dominicana _979139 |
|
| 650 | 0 |
_aPolítica gubernamental _979140 |
|
| 650 | 4 |
_aRepública Dominicana _xPolítica económica _978638 |
|
| 700 | 1 |
_aMontás, Juan Temístocles _d1950- _epról. _979676 |
|
| 910 | _aD/G/Validado. Control de calidad MFF | ||
| 942 |
_2ddc _cLBS1 |
||
| 999 |
_c38810 _d38810 |
||